| 000 | 01666nam a22004097a 4500 | ||
|---|---|---|---|
| 003 | CHAP | ||
| 005 | 20220329143745.0 | ||
| 008 | 110622s2010 mx r 00010 spa d | ||
| 010 | _a101514 | ||
| 011 | _a102486 | ||
| 035 | _a113174 | ||
| 040 | _cCHAP | ||
| 090 | _aTesis | ||
| 100 | 1 |
_aSantos Jiménez, Victoria Juana. _9102502 |
|
| 245 | 1 | 0 |
_aOrganización y tecnologías alternativas de arrastre y aserrio para el desarrollo: _bexperiencia y perpectivas en la Zona Maya de Quintana Roo _h[En línea] _c/por Victoria Juana Santos Jiménez |
| 260 |
_aChapingo, Méx. : _bEl autor, _c2010 |
||
| 500 | _aPara ver el contenido del material haga clic en la liga | ||
| 502 | _aTesis (M.C. en Desarrollo Rural Regional) -- UACH. Dirección de Centros Regionales | ||
| 590 |
_aALEPH _b10 _c20130110 _lUCH01 _h1541 |
||
| 590 |
_aBATCH-UPD _b10 _c20130110 _lUCH01 _h1209 |
||
| 590 |
_aBATCH-UPD _b10 _c20130410 _lUCH01 _h0749 |
||
| 590 |
_aBATCH-UPD _b10 _c20130914 _lUCH01 _h0418 |
||
| 590 |
_aBATCH-UPD _b10 _c20140324 _lUCH01 _h1525 |
||
| 590 |
_aBATCH-UPD _b10 _c20141002 _lUCH01 _h0849 |
||
| 590 |
_aCONVERSION _b10 _c20130109 _lUCH01 _h1356 |
||
| 650 | 1 | 4 |
_aAserraderos. _97892 |
| 650 | 1 | 4 |
_aDesarrollo de la comunidad _zQuintana Roo. _931988 |
| 650 | 1 | 4 |
_aMadera aserrada. _969637 |
| 650 | 1 | 4 |
_aMadera _xTransporte. _969633 |
| 650 | 1 | 4 |
_aOrganización. _983533 |
| 650 | 1 | 4 |
_aTecnología. _9111937 |
| 856 |
_3Finding aid _uhttp://10.13.5.2/tesis/113174.pdf _zTeclea aqui |
||
| 901 | _aBK | ||
| 942 | _cFOLL | ||
| 949 |
_aTesis _bBC _cTES _d33724002250090 _eTS1 _gDonaciØn _h52426 _i113174 _st |
||
| 949 |
_aTesis _bBC _cTES _d33724002250132 _eTS2 _fc.2 _gDonaciØn _h52427 _i113174 _st |
||
| 999 |
_c101514 _d101514 |
||